PHYSICS IN NUCLEAR MEDICINE (Record no. 34285)

MARC details
000 -LEADER
fixed length control field 00394nam a22001697a 4500
003 - CONTROL NUMBER IDENTIFIER
control field SGT
020 ## - INTERNATIONAL STANDARD BOOK NUMBER
International Standard Book Number 9781416051985
082 ## - DEWEY DECIMAL CLASSIFICATION NUMBER
Classification number 616.153
Item number P12C
100 ## - MAIN ENTRY--PERSONAL NAME
Personal name CHERRY, SIMON R.
245 ## - TITLE STATEMENT
Title PHYSICS IN NUCLEAR MEDICINE
250 ## - EDITION STATEMENT
Edition statement 4TH
260 ## - PUBLICATION, DISTRIBUTION, ETC. (IMPRINT)
Place of publication, distribution, etc PHILADELPHIA
Name of publisher, distributor, etc ELSEVIER PUB
Year of Publication 2012
300 ## - PAGE DESCRIPTION
No. of Pages 523
650 ## - SUBJECT ADDED ENTRY--TOPICAL TERM
Topical term or geographic name as entry element RADIOLOGY
653 ## - KEYWORDS--INDEX TERM
Keyword term PHYSICS IN NUCLEAR MEDICINE
942 ## - ADDED ENTRY ELEMENTS (KOHA)
Source of classification or shelving scheme Dewey Decimal Classification
Koha item type Books
Holdings
Withdrawn status Lost status Source of classification or shelving scheme Damaged status Not for loan Collection code Home library Current library Shelving location Date acquired Vendor Name Cost, normal purchase price SGTU Bill Number Total Checkouts Full call number Accession No. (Barcode) Date last seen Bill Date Koha item type
    Dewey Decimal Classification   Not For Loan MEDICAL SGT Medical Library SGT Medical Library Reference Book 22/01/2026 ABC DELHI 12171.00 SGTU 22311   616.153 P12C FM16270 06/03/2026 22/01/2026 Books